Science Quiz

Random Science or Elements Quiz

Elements: Before R Quiz Stats

 Plays Quiz Updated Feb 11, 2015

Also try: Element by Symbol
Challenge
Share
Tweet
Embed
Score 0/14 Timer 03:00
0 Plays Today
Letter before R Name of Element % Correct
ACarbon
95.5%
-Rubidium
84.2%
EBeryllium
84.2%
OBoron
83.3%
IIron
82.8%
USulfur
82.4%
KKrypton
77.8%
Letter before R Name of Element % Correct
BBromine
70.7%
FFrancium
63.7%
TNitrogen
62.2%
HChromium
53%
DHydrogen
51%
PPraseodymium
45.7%
WLawrencium
40.2%

You're not logged in!

Compare scores with friends on all Sporcle quizzes.
Join for Free
OR
Log In

You Might Also Like...

Show Comments

Extras

Top Quizzes Today


Score Distribution

Your Account Isn't Verified!

In order to create a playlist on Sporcle, you need to verify the email address you used during registration. Go to your Sporcle Settings to finish the process.

Report this User

Report this user for behavior that violates our Community Guidelines.

Details: